| 000 | 01097cam a22003131i 4500 | ||
|---|---|---|---|
| 001 | 9389739 | ||
| 003 | EG-ScBUE | ||
| 005 | 20230622110533.0 | ||
| 008 | 750211t1964 nyu f 100 0 eng d | ||
| 035 | _a(OCoLC)1167787 | ||
| 040 |
_aDLC _beng _erda _cOCU _dOCoLC _dDLC _dEG-ScBUE |
||
| 082 | 0 | 4 |
_a907.247 _bCON _222 |
| 111 | 2 |
_aConference on Contemporary History in the Soviet Mirror _d(1961 : _cGeneva) _99540 |
|
| 245 | 0 | 0 |
_aContemporary history In the Soviet mirror/ _cedited by John Keep and Liliana Brisby. |
| 264 | 1 |
_aNew York : _bFrederick Praeger, _c[1964] |
|
| 264 | 4 | _cc1964 | |
| 300 |
_a331 pages ; _c23 cm. |
||
| 336 |
_2rdacontent _atext _btxt |
||
| 337 |
_2rdamedia _aunmediated _bn |
||
| 338 |
_2rdacarrier _avolume _bnc |
||
| 490 | _aLibrary of international studies | ||
| 650 | 7 |
_aHistory _xStudy and teaching _zSoviet Union. _2BUEsh _99542 |
|
| 650 | 7 |
_aHistorians _zSoviet Union. _2BUEsh _99543 |
|
| 655 | _vReading book | ||
| 700 | 1 |
_aKeep, John L. H. _eeditor. _99544 |
|
| 700 | 1 |
_aBrisby, Liliana, _eeditor. _99545 |
|
| 942 |
_2ddc _cBB |
||
| 999 |
_c12958 _d12958 |
||